000 00942nas a2200313 4500
001 BR2015003896
003 BR-BrBNA
005 20231205125524.0
007 ta
008 230509b bl.|||p| |||| 00| 00por d
040 _aBR-BrBNA
_bpor
_cBiblioteca Nacional de Agricultura
041 _a(En)
072 _aF40
100 1 _aStreck, N.A.
100 1 _aUhlmann, L.O.
100 1 _aZanon, A.J.
100 1 _aBisognin, D.A.
245 1 _aImpact of elevated temperature scenarios on potato leaf development
650 _aBATATA
650 _aSOLANUM TUBEROSUM
650 _aTEMPERATURA
650 _aCONDICAO AMBIENTAL
650 _aSEGURANCA ALIMENTAR
650 _aANALISE FOLIAR
773 0 _tEngenharia Agrícola (Brazil)
_xISSN 1809-4430
_g(Jul-Aug 2012), v. 32(4) p. 689-697
_wBR2015003896
856 4 0 _uhttp://www.scielo.br/pdf/eagri/v32n4/08.pdf
909 _a202311
_bLúcia
_c55
_dLúcia Elande
942 _2AGRIS
_n0
_cANA
999 _c244769
_d244769